LEADER 02819nam 22005894a 450 001 9910453893403321 005 20200520144314.0 010 $a1-281-81845-3 010 $a9786611818456 010 $a0-8261-7422-1 035 $a(CKB)1000000000705094 035 $a(EBL)423540 035 $a(OCoLC)476263479 035 $a(SSID)ssj0000100396 035 $a(PQKBManifestationID)11111356 035 $a(PQKBTitleCode)TC0000100396 035 $a(PQKBWorkID)10036969 035 $a(PQKB)11726205 035 $a(MiAaPQ)EBC423540 035 $a(Au-PeEL)EBL423540 035 $a(CaPaEBR)ebr10265338 035 $a(CaONFJC)MIL181845 035 $a(EXLCZ)991000000000705094 100 $a20030627d2003 uy 0 101 0 $aeng 135 $aur|n|---||||| 181 $ctxt 182 $cc 183 $acr 200 10$aAging and ethnicity$b[electronic resource] $eknowledge and services /$fDonald E. Gelfand 205 $a2nd ed. 210 $aNew York $cSpringer Pub.$dc2003 215 $a1 online resource (232 p.) 300 $aDescription based upon print version of record. 311 $a0-8261-7421-3 320 $aIncludes bibliographical references and index. 327 $aContents; Preface; Introduction; Chapter One: Ethnicity, Gerontological Theory, and Research; Chapter Two: Ethnicity, Immigration, and the Ethnic Aged; Chapter Three: Ethnic Aged in the United States; Chapter Four: Security and the Ethnic Elderly; Chapter Five: Family and Religious Organizations as Sources of Assistance; Chapter Six: Reaching and Meeting Ethnic Aged Needs; Chapter Seven: Programs, Services, and the Ethnic Aged; Chapter Eight: Paradigms, Assumptions, and Assessments; Index 330 $aIn the Second Edition, Gelfand devotes greater attention to the impact of immigration on the United States and provides a useful model for providers working with older persons from diverse ethnic backgrounds. Based on 2000 Census data, this edition contains updated references throughout along with new tables/graphs. Chapter topics include: Security and the Ethnic Elderly; Family and Church as Sources of Assistance; and Programs and Services for the Ethnic Aged. Not meant to be an exhaustive review of the literature, the text focuses on specific issues and themes that the author believes are im 606 $aMinority older people$zUnited States 606 $aMinority older people$xServices for$zUnited States 608 $aElectronic books. 615 0$aMinority older people 615 0$aMinority older people$xServices for 676 $a305.26/0973 700 $aGelfand$b Donald E$0928493 801 0$bMiAaPQ 801 1$bMiAaPQ 801 2$bMiAaPQ 906 $aBOOK 912 $a9910453893403321 996 $aAging and ethnicity$92166046 997 $aUNINA LEADER 01622nam0 22003853i 450 001 RMS2817969 005 20231121125812.0 010 $a9788899657741 100 $a20211104d2017 ||||0itac50 ba 101 | $aeng$afre$aita$ceng$cfre$cita 102 $ait 181 1$6z01$ai $bxxxe 182 1$6z01$an 200 1 $aIslands$econtemporary artists from Haiti and Jamaica$f[curator: Piergiacomo Faoro, Maria Laura Mascelloni$gtexts: Luciano Benetton ... et al.] 210 $a[Crocetta del Montello]$cAntiga$d2017 215 $a321 p.$cill.$d21 x 22 cm 225 | $aImago mundi$eLuciano Benetton Collection 410 0$1001LIG0217332$12001 $aImago mundi$eLuciano Benetton Collection 500 11$aIslands$3RAV2141105$9715691 606 $aArte$xHaiti$xSec. 21.$2FIR$3RMLC468246$9N 606 $aArte$xGiamaica$xSec. 21.$2FIR$3RMLC468247$9N 606 $aFondazione Benetton Studi Ricerche$xImago mundi$xCataloghi$2FIR$3RMLC465512$9N 676 $a709.7$9Belle arti e arti decorative. Stati Uniti e Nordamerica.$v22 702 1$aMascelloni$b, Maria Laura$3LIGV050349$4340 702 1$aBenetton$b, Luciano$3LO1V027095$4080 702 1$aD'Aguilar$b, Lioyd$3RMLV242032$4340 702 1$aFaoro$b, Piergiacomo$3RMSV072512$4340 801 3$aIT$bIT-01$c20211104 850 $aIT-FR0017 899 $aBiblioteca umanistica Giorgio Aprea$bFR0017 $eN 912 $aRMS2817969 950 0$aBiblioteca umanistica Giorgio Aprea$d 52DFB N.A.Hai.$e 52DUP0009058065 VMN RS $fA $h20211116$i20211116 977 $a 52 996 $aIslands$9715691 997 $aUNICAS LEADER 01371nam0 22003133i 450 001 LO10458768 005 20231121125520.0 100 $a20140626d1954 ||||0itac50 ba 101 | $alat$afre 102 $afr 181 1$6z01$ai $bxxxe 182 1$6z01$an 200 1 $aDictionnaire latin-français des auteurs chrétiens$fAlbert Blaise$grevu spécialement pour le vocabulaire théologique par Henri Chirat 210 $aStrasbourg$cLe latin chrétien$d[1954] 215 $a865 p.$d28 cm. 606 $aLingua latina cristiana$xDizionari francesi$2FIR$3LO1C237548$9I 676 $a473.41$9LATINO CLASSICO. DIZIONARI in francese$v21 700 1$aBlaise$b, Albert$f <1894- >$3RAVV065235$4070$0184736 702 1$aChirat$b, Henri$3SBLV100896 801 3$aIT$bIT-01$c20140626 850 $aIT-RM0281 $aIT-FR0084 $aIT-FR0017 899 $aBIBLIOTECA VALLICELLIANA$bRM0281 899 $aBiblioteca Del Monumento Nazionale Di Montecassino$bFR0084 899 $aBiblioteca umanistica Giorgio Aprea$bFR0017 912 $aLO10458768 950 0$aBiblioteca umanistica Giorgio Aprea$d 52S.L. 473.41 DLF.Bla.(1954)$e 52MAG0000038055 VMB RS $fC $h20170314$i20170314 977 $a 08$a 25$a 52 996 $aDictionnaire latin-français des auteurs chrétiens$9281435 997 $aUNICAS